000 00617cam a22001934a 4500
005 20141106154537.0
008 110829s2013 njua b 001 0 eng
010 _a2011036274
020 _a9780273765608
050 0 0 _aHD 58.7
_b.J656 2013
100 1 _aJones, Gareth R.
245 1 0 _aOrganizational theory, design, and change /
_cGareth R. Jones.
250 _a7th ed.,
_bGlobal ed.
260 _aBoston :
_bPearson,
_cc2013.
300 _a511 pages :
_billustrations (chiefly color) ;
_c28 cm.
650 0 _aOrganizational behavior.
650 0 _aOrganizational behavior
_vCase studies.
942 _2lcc
_cBK
_kFOR
999 _c276730
_d276730